[Event "WA Open Blitz Championship"]
[Site "Chess.com"]
[Date "2020.05.25"]
[Round "?"]
[White "Lugovskoy, Maxim"]
[Black "Gottumukkala, Anath"]
[Result "1-0"]
[WhiteElo "2453"]
[BlackElo "1785"]
[PlyCount "65"]
[EventDate "2020.??.??"]
[EventType "blitz"]

1. d4 Nf6 2. Nc3 g6 3. Bf4 d6 4. Qd2 c6 5. O-O-O Nbd7 6. e4 Qa5 7. Kb1 b5 8. e5
b4 9. Nce2 Nd5 10. exd6 exd6 11. Nc1 Rb8 12. Nb3 Nc3+ 13. bxc3 bxc3 14. Qe3+
Kd8 15. Ne2 Kc7 16. Qxc3 Qa4 17. d5 Rg8 18. Qxc6+ Qxc6 19. dxc6 Nc5 20. Ned4
Ne4 21. Nb5+ Rxb5 22. Bxb5 Nc3+ 23. Kc1 Nxb5 24. c4 Nc3 25. Rd2 Be6 26. c5 Kxc6
27. cxd6 Nxa2+ 28. Rxa2 Bxb3 29. Rxa7 Bg7 30. Kb1 Rb8 31. Rc1+ Kd5 32. d7 Bd1+
33. Bxb8 1-0

[Event "WA Open Blitz Championship"]
[Site "Chess.com"]
[Date "2020.05.25"]
[Round "?"]
[White "Gottumukkala, Anath"]
[Black "Semenov, Fedya"]
[Result "1-0"]
[WhiteElo "1785"]
[BlackElo "1803"]
[PlyCount "87"]
[EventDate "2020.??.??"]
[EventType "blitz"]

1. Nf3 Nf6 2. g3 b6 3. Bg2 Bb7 4. O-O c5 5. d3 Nc6 6. Nbd2 Qc7 7. e4 d6 8. Re1
g6 9. c3 Bg7 10. Qe2 O-O 11. d4 cxd4 12. cxd4 e5 13. d5 Nb4 14. Nc4 Ba6 15. b3
b5 16. Ba3 bxc4 17. Bxb4 Rab8 18. Ba3 Bb5 19. Rac1 Qa5 20. Bxd6 cxb3 21. Qd2
Qxd2 22. Nxd2 b2 23. Rb1 Bd3 24. Bxb8 Rxb8 25. Bf1 Bxb1 26. Rxb1 a5 27. Bd3 a4
28. Nc4 Nd7 29. Rxb2 Rxb2 30. Nxb2 Nc5 31. Bc2 a3 32. Nc4 f5 33. f3 fxe4 34.
fxe4 Bf8 35. Nxe5 Kg7 36. Nc4 Kf6 37. Kf2 Kf7 38. Ke3 Ke8 39. e5 Kd7 40. Kd4
Nb7 41. Ba4+ Kc7 42. d6+ Kd8 43. Kd5 Na5 44. Nxa5 1-0

[Event "WA Open Blitz Championship"]
[Site "Chess.com"]
[Date "2020.05.25"]
[Round "?"]
[White "Vidyarthi, Vyom"]
[Black "Gottumukkala, Anath"]
[Result "1-0"]
[WhiteElo "2247"]
[BlackElo "1785"]
[PlyCount "75"]
[EventDate "2020.??.??"]
[EventType "blitz"]

1. Nc3 g6 2. d4 Bg7 3. Bf4 d6 4. e4 Nf6 5. Qd2 h6 6. Nf3 c6 7. Be2 Qc7 8. e5
Nh5 9. exd6 exd6 10. Ne4 Nxf4 11. Qxf4 O-O 12. Qxd6 Qa5+ 13. c3 Qf5 14. Ng3 Qc2
15. Qa3 Re8 16. Qb3 Qxb3 17. axb3 h5 18. h4 Bg4 19. O-O Nd7 20. Rfe1 Nb6 21.
Nf1 Nd5 22. N1d2 Bf6 23. g3 a6 24. Bc4 Bg7 25. Bxd5 cxd5 26. Ne5 Bf5 27. b4 Bh6
28. Nb3 b6 29. Nc6 Be4 30. Ne5 f6 31. Nd7 Kf7 32. Nxb6 Ra7 33. Nc5 Bf3 34. Rxe8
Kxe8 35. Re1+ Kf7 36. Nc8 Rc7 37. Nd6+ Kg7 38. Ne6+ 1-0

[Event "WA Open Blitz Championship"]
[Site "Chess.com"]
[Date "2020.05.25"]
[Round "?"]
[White "Gottumukkala, Anath"]
[Black "Vega, Isaac"]
[Result "1-0"]
[WhiteElo "1785"]
[BlackElo "1972"]
[PlyCount "75"]
[EventDate "2020.??.??"]
[EventType "blitz"]

1. Nf3 Nf6 2. g3 g6 3. Bg2 Bg7 4. O-O O-O 5. d3 d6 6. Nbd2 Nbd7 7. e4 e5 8. h3
Re8 9. c3 d5 10. Qc2 c5 11. Re1 d4 12. a4 Nb8 13. Nc4 Nc6 14. Bd2 h6 15. cxd4
Nxd4 16. Nxd4 cxd4 17. f4 Nh5 18. Kh2 exf4 19. Bxf4 Nxf4 20. gxf4 Qc7 21. Qf2
Be6 22. Rac1 Rac8 23. Kh1 Qd7 24. b3 Bxh3 25. Qg3 Bg4 26. e5 h5 27. Nd6 Rxc1
28. Rxc1 Rb8 29. Bd5 Be6 30. Bxe6 Qxe6 31. Rc7 Qd5+ 32. Kh2 Qxb3 33. Rxf7 Qc2+
34. Kh3 g5 35. Qxg5 Qxd3+ 36. Kh4 Qh7 37. Nf5 Rf8 38. Rxg7+ 1-0

[Event "WA Open Blitz Championship"]
[Site "Chess.com"]
[Date "2020.05.25"]
[Round "?"]
[White "Lopez, Francisco"]
[Black "Vijayakumar, Advaith"]
[Result "0-1"]
[WhiteElo "1778"]
[BlackElo "2026"]
[PlyCount "60"]
[EventDate "2020.??.??"]
[EventType "blitz"]

1. d4 Nf6 2. Bg5 d5 3. e3 Bf5 4. Bd3 Bxd3 5. cxd3 e6 6. Nc3 Be7 7. Nf3 O-O 8.
Qe2 Nbd7 9. O-O-O b5 10. Ne5 b4 11. Nb5 Nxe5 12. dxe5 Nd7 13. h4 Nxe5 14. Kb1
c5 15. d4 Nc4 16. dxc5 Bxg5 17. hxg5 Qxg5 18. Rh2 Rfc8 19. Nd6 Nxd6 20. cxd6
Qe5 21. e4 Qxh2 22. exd5 Qxd6 23. dxe6 Qxe6 24. Qf3 h6 25. g4 Rd8 26. Rc1 Rac8
27. Rg1 Qg6+ 28. Ka1 Qc6 29. Qf4 Qc2 30. g5 Rd1+ 0-1

[Event "WA Open Blitz Championship"]
[Site "Chess.com"]
[Date "2020.05.25"]
[Round "?"]
[White "Lopez, Francisco"]
[Black "Sairam, Pranav"]
[Result "0-1"]
[WhiteElo "1778"]
[BlackElo "2087"]
[PlyCount "62"]
[EventDate "2020.??.??"]
[EventType "blitz"]

1. d4 d5 2. Bg5 Nf6 3. e3 e6 4. Bd3 Be7 5. Nd2 O-O 6. f4 c5 7. c3 b6 8. Ngf3
Bb7 9. Bxf6 Bxf6 10. Ne5 Nd7 11. Qh5 g6 12. Qf3 Bg7 13. h4 Nxe5 14. fxe5 f6 15.
Qh3 fxe5 16. Qxe6+ Kh8 17. h5 g5 18. Bxh7 Kxh7 19. Qg6+ Kh8 20. h6 Bf6 21. dxe5
Bxe5 22. Nf3 Bg3+ 23. Ke2 Qf6 24. Qh5 Ba6+ 25. Kd2 d4 26. cxd4 cxd4 27. e4 Bf4+
28. Kd1 d3 29. Rb1 Qc6 30. Nxg5 Qc2+ 31. Ke1 Bg3# 0-1

[Event "WA Open Blitz Championship"]
[Site "Chess.com"]
[Date "2020.05.25"]
[Round "?"]
[White "Sairam, Pranav"]
[Black "Gabunia, Davit"]
[Result "1-0"]
[WhiteElo "2087"]
[BlackElo "1747"]
[PlyCount "94"]
[EventDate "2020.??.??"]
[EventType "blitz"]

1. e4 d5 2. exd5 Qxd5 3. Nc3 Qa5 4. g3 c6 5. Bg2 Nf6 6. Nge2 Bf5 7. O-O e6 8.
d3 Bd6 9. Bd2 Qc7 10. Re1 Nbd7 11. Ne4 Be7 12. Bc3 O-O 13. Nd4 Bg6 14. Qe2 Rad8
15. Ng5 e5 16. Ndf3 h6 17. Ne4 Nxe4 18. dxe4 Bd6 19. Rad1 Rfe8 20. Nd2 Nf6 21.
Nc4 Bc5 22. Rxd8 Qxd8 23. Nxe5 Rxe5 24. Bxe5 Ng4 25. Qxg4 Qd2 26. Qe2 Qg5 27.
Bf4 Qf6 28. e5 Qe6 29. Qd2 Qxa2 30. Qc3 Bb6 31. e6 fxe6 32. Bh3 Bf7 33. b3 Ba5
34. b4 Bb6 35. Be5 Qd5 36. Bg2 Qd8 37. Bxg7 Qg5 38. Bf6 Qf5 39. Qf3 Qxc2 40.
Qg4+ Kf8 41. Rf1 Qh7 42. Qd1 Qf5 43. Qd6+ Kg8 44. Qb8+ Kh7 45. Qh8+ Kg6 46.
Qg7+ Kh5 47. Qxf7+ Qg6 1-0

[Event "WA Open Blitz Championship"]
[Site "Chess.com"]
[Date "2020.05.25"]
[Round "?"]
[White "Gabunia, Davit"]
[Black "Vijayakumar, Advaith"]
[Result "1-0"]
[WhiteElo "1747"]
[BlackElo "2026"]
[PlyCount "131"]
[EventDate "2020.??.??"]
[EventType "blitz"]

1. b3 Nf6 2. Bb2 g6 3. e3 Bg7 4. Nf3 O-O 5. d4 d5 6. Nbd2 c5 7. Be2 cxd4 8.
Nxd4 Nc6 9. Nxc6 bxc6 10. O-O Nd7 11. Bxg7 Kxg7 12. Nf3 e5 13. c4 Bb7 14. cxd5
cxd5 15. Rc1 Rc8 16. Qd2 Qe7 17. Rxc8 Rxc8 18. Rc1 e4 19. Nd4 Ne5 20. g3 h5 21.
h4 Kh7 22. Kg2 Qd7 23. Rh1 Ng4 24. Qb4 Ba8 25. a4 Ne5 26. Qb5 Qxb5 27. Bxb5 Rc3
28. Rd1 Nd3 29. Bxd3 exd3 30. Kf1 Bb7 31. Ke1 Ba6 32. b4 Bc4 33. Ra1 d2+ 34.
Kxd2 Rd3+ 35. Kc2 Kg7 36. a5 Kf6 37. b5 Rxd4 38. exd4 Bxb5 39. Kc3 a6 40. Kb4
Bc4 41. Kc5 Kf5 42. Re1 f6 43. Kd6 g5 44. hxg5 fxg5 45. Re5+ Kg4 46. Ke6 h4 47.
gxh4 gxh4 48. Kf6 h3 49. Rg5+ Kf3 50. Rg3+ Kxf2 51. Rxh3 Ke2 52. Ke5 Kd2 53.
Kd6 Kc2 54. Kc5 Kb2 55. Kb4 Ka2 56. Rh2+ Kb1 57. Kc3 Ka1 58. Rb2 Ba2 59. Rb6
Bc4 60. Rc6 Ka2 61. Rxc4 dxc4 62. d5 Ka3 63. d6 Ka4 64. d7 Kxa5 65. d8=Q+ Kb5
66. Qd7+ 1-0

[Event "WA Open Blitz Championship"]
[Site "Chess.com"]
[Date "2020.05.25"]
[Round "?"]
[White "Breckenridge, Steven"]
[Black "Gabunia, Davit"]
[Result "1-0"]
[WhiteElo "2306"]
[BlackElo "1747"]
[PlyCount "59"]
[EventDate "2020.??.??"]
[EventType "blitz"]

1. e4 d5 2. exd5 Qxd5 3. d4 c6 4. Nf3 Nf6 5. Ne5 e6 6. Nc3 Qd8 7. Bc4 Nbd7 8.
Nf3 Bd6 9. Qe2 O-O 10. O-O Nb6 11. Bd3 Re8 12. Bg5 h6 13. Bh4 Nbd5 14. Ne4 Be7
15. Nxf6+ Bxf6 16. Bg3 g6 17. Rad1 Bg7 18. c4 Nf6 19. Rfe1 b6 20. Ne5 Bb7 21.
Qc2 Nh5 22. Nxf7 Qf6 23. Nd6 Re7 24. Be5 Qg5 25. Bxg6 c5 26. Nxb7 Rxb7 27. Be4
Bxe5 28. Bxb7 Nf4 29. Rxe5 Nh3+ 30. Kh1 1-0

[Event "WA Open Blitz Championship"]
[Site "Chess.com"]
[Date "2020.05.25"]
[Round "?"]
[White "Lugovskoy, Maxim"]
[Black "Gabunia, Davit"]
[Result "1-0"]
[WhiteElo "2453"]
[BlackElo "1747"]
[PlyCount "111"]
[EventDate "2020.??.??"]
[EventType "blitz"]

1. d4 d5 2. Nc3 c5 3. Bf4 cxd4 4. Qxd4 e6 5. e4 Nc6 6. Bb5 Bd7 7. Bxc6 bxc6 8.
exd5 cxd5 9. Nf3 Nf6 10. O-O Rc8 11. Qxa7 Bc5 12. Qa6 d4 13. Ne2 Nd5 14. Bg5 f6
15. Bh4 e5 16. Nxe5 O-O 17. Nxd7 Qxd7 18. a3 d3 19. Qxd3 Rfd8 20. Rad1 Rc7 21.
b4 Ba7 22. c4 Nb6 23. Qxd7 Rcxd7 24. Rxd7 Rxd7 25. c5 Nc4 26. h3 Nxa3 27. Ra1
Nc2 28. c6 Nxa1 29. cxd7 Bb6 30. Nd4 Kf8 31. Ne6+ Ke7 32. Nxg7 Nc2 33. Nh5 Kxd7
34. Nxf6+ Ke6 35. Nxh7 Nxb4 36. Ng5+ Kf5 37. Nf3 Nd3 38. g4+ Kf4 39. Kg2 Ke4
40. Bg5 Nxf2 41. Bd2 Nd3 42. h4 Kd5 43. h5 Ke6 44. Ng5+ Kf6 45. Ne4+ Kg7 46.
Kf3 Ne5+ 47. Kf4 Nf7 48. Kf5 Bc7 49. Bc3+ Kh6 50. Bd2+ Kg7 51. g5 Bd8 52. Bc3+
Kf8 53. g6 Nh6+ 54. Ke6 Ng4 55. Nd6 Kg8 56. Nf5 1-0

[Event "WA Open Blitz Championship"]
[Site "Chess.com"]
[Date "2020.05.25"]
[Round "?"]
[White "Razmov, Valentin"]
[Black "Gabunia, Davit"]
[Result "1/2-1/2"]
[WhiteElo "1986"]
[BlackElo "1747"]
[PlyCount "88"]
[EventDate "2020.??.??"]
[EventType "blitz"]

1. d4 Nf6 2. c4 e6 3. Nf3 Be7 4. Nc3 d5 5. Bg5 O-O 6. e3 h6 7. Bh4 Ne4 8. Bxe7
Nxc3 9. Bxd8 Nxd1 10. Rxd1 Rxd8 11. cxd5 exd5 12. Bd3 c6 13. b4 Bg4 14. Be2 a5
15. b5 f6 16. Rb1 Nd7 17. O-O c5 18. dxc5 Nxc5 19. Nd4 Bxe2 20. Nxe2 Ne6 21.
Rfd1 Rac8 22. Rbc1 Rxc1 23. Rxc1 d4 24. exd4 Nxd4 25. Nxd4 Rxd4 26. Rc8+ Kh7
27. Kf1 Rb4 28. Rc5 b6 29. Rd5 Kg6 30. g3 Kf7 31. a4 Ke6 32. Rd8 Kf5 33. Rb8
Ke4 34. Kg2 Rxa4 35. Rxb6 Rb4 36. Rb7 g5 37. Rb6 Kf5 38. Rb8 a4 39. b6 a3 40.
Ra8 Rxb6 41. Rxa3 Kg6 42. Ra5 h5 43. h3 Rc6 44. Rb5 Rd6 1/2-1/2

[Event "WA Open Blitz Championship"]
[Site "Chess.com"]
[Date "2020.05.25"]
[Round "?"]
[White "Gabunia, Davit"]
[Black "Vidyarthi, Omya"]
[Result "0-1"]
[WhiteElo "1747"]
[BlackElo "1934"]
[PlyCount "174"]
[EventDate "2020.??.??"]
[EventType "blitz"]

1. b3 d5 2. Bb2 Bf5 3. Nf3 e6 4. e3 Nf6 5. d4 Nbd7 6. Nbd2 Bd6 7. Bd3 O-O 8.
O-O Bg6 9. Re1 c5 10. Nf1 Bxd3 11. Qxd3 Ne4 12. Ng3 Ndf6 13. Nd2 Bxg3 14. hxg3
Nxd2 15. Qxd2 Ne4 16. Qd3 Qf6 17. Rf1 Rac8 18. Rab1 Qg6 19. c4 dxc4 20. bxc4
cxd4 21. exd4 b6 22. Rfe1 f5 23. d5 Rfd8 24. Rbd1 exd5 25. cxd5 Rc5 26. Qb3 Kh8
27. Ba1 Rc7 28. Be5 Rcd7 29. Bf4 Qf7 30. Qa4 Nc3 31. Qb4 Nxd1 32. Rxd1 Rxd5 33.
Re1 R5d7 34. a4 Re8 35. Rc1 Qe7 36. Qc4 Qe6 37. Qb5 Qd5 38. Qa6 Qb7 39. Qc4
Rdd8 40. Qb3 Rc8 41. Rd1 Qe4 42. Rd7 Re7 43. Rd1 Rce8 44. Qb5 Qb7 45. Qb4 a5
46. Qc3 Qc8 47. Qd2 Qc4 48. Bg5 Re2 49. Qd7 Qe6 50. Qd3 Re1+ 51. Kh2 Rxd1 52.
Qxd1 Qe2 53. Qd4 Qh5+ 54. Bh4 Qf7 55. Qxb6 Ra8 56. Qc6 Qa7 57. Qf3 Rf8 58. g4
Qb8+ 59. Bg3 f4 60. Bh4 Qe8 61. g5 Qxa4 62. g6 hxg6 63. Be7 Re8 64. Qh3+ Kg8
65. Qe6+ Kh7 66. Qh3+ Kg8 67. Qe6+ Kh7 68. Qf7 Qd7 69. Qxf4 Qxe7 70. Qa4 Qd6+
71. g3 Qc5 72. Qxe8 Qxf2+ 73. Kh3 Qf1+ 74. Kh2 Qf2+ 75. Kh3 Qf5+ 76. Kh2 Qc2+
77. Kh3 a4 78. Qa8 Qb3 79. Qa5 a3 80. Qd8 Qe6+ 81. Kh2 Qf6 82. Qd2 Qb2 83. Qxb2
axb2 84. Kh3 b1=Q 85. Kh4 Qf5 86. g4 g5+ 87. Kh5 g6# 0-1

[Event "WA Open Blitz Championship"]
[Site "Chess.com"]
[Date "2020.05.25"]
[Round "?"]
[White "Lopez, Francisco"]
[Black "Gabunia, Davit"]
[Result "1-0"]
[WhiteElo "1778"]
[BlackElo "1747"]
[PlyCount "75"]
[EventDate "2020.??.??"]
[EventType "blitz"]

1. d4 Nf6 2. Bg5 e6 3. e3 Be7 4. Nd2 d5 5. Bd3 h6 6. Bxf6 Bxf6 7. f4 c5 8. c3
cxd4 9. exd4 Nc6 10. Ngf3 Qb6 11. Rb1 Qc7 12. Ne5 Bd7 13. O-O Rf8 14. b4 O-O-O
15. b5 Nxe5 16. fxe5 Bg5 17. Nf3 Kb8 18. Qb3 Rc8 19. Nxg5 hxg5 20. Rfc1 f6 21.
b6 axb6 22. Qxb6 Qxb6 23. Rxb6 fxe5 24. dxe5 Rf4 25. Ba6 Bc6 26. Rcb1 Rc7 27.
Bb5 Bxb5 28. R1xb5 Re4 29. Rxe6 Rxc3 30. Re8+ Kc7 31. Re7+ Kc6 32. Rbxb7 Rc1+
33. Kf2 Rc2+ 34. Kf3 Rc3+ 35. Kf2 Rf4+ 36. Ke2 Rc2+ 37. Kd3 Rxg2 38. Rec7# 1-0

[Event "WA Open Blitz Championship"]
[Site "Chess.com"]
[Date "2020.05.25"]
[Round "?"]
[White "Vijayakumar, Advaith"]
[Black "Velea, Stephanie"]
[Result "1-0"]
[WhiteElo "2026"]
[BlackElo "1700"]
[PlyCount "135"]
[EventDate "2020.??.??"]
[EventType "blitz"]

1. Nf3 d5 2. g3 Nf6 3. Bg2 Bf5 4. O-O h6 5. b3 e6 6. Bb2 Be7 7. d3 O-O 8. Nbd2
c5 9. Qe1 Nc6 10. e4 dxe4 11. dxe4 Bh7 12. Rd1 Nd7 13. a4 Bf6 14. Bxf6 Qxf6 15.
Nc4 Rfd8 16. Qe2 Nf8 17. Nd6 Qe7 18. e5 Ng6 19. Nc4 Rxd1 20. Rxd1 Rd8 21. Rxd8+
Qxd8 22. Nd6 Ncxe5 23. Nxb7 Qc7 24. Nxe5 Qxe5 25. Qxe5 Nxe5 26. c3 Bc2 27. Nxc5
Nd3 28. Nxd3 Bxd3 29. b4 Bc2 30. a5 Bd3 31. Bf1 Be4 32. c4 Kf8 33. Be2 Ke7 34.
f3 Bb7 35. Kf2 Kd6 36. Ke3 e5 37. Bd3 g6 38. Be4 Bc8 39. Kd3 f5 40. Ba8 g5 41.
c5+ Kc7 42. Kc4 Be6+ 43. Bd5 Bd7 44. b5 f4 45. b6+ axb6 46. axb6+ Kb8 47. g4
Be8 48. c6 Kc8 49. Kc5 Kb8 50. c7+ Kc8 51. Be6+ Bd7 52. Bxd7+ Kxd7 53. Kd5 h5
54. h3 hxg4 55. hxg4 e4 56. Kxe4 Kc8 57. Kf5 Kb7 58. Kxg5 Kc8 59. Kxf4 Kb7 60.
g5 Kc8 61. g6 Kb7 62. g7 Kc8 63. g8=Q+ Kb7 64. c8=Q+ Kxb6 65. Qgd8+ Kb5 66.
Qdc7 Kb4 67. Q8b8+ Ka3 68. Qca7# 1-0

[Event "WA Open Blitz Championship"]
[Site "Chess.com"]
[Date "2020.05.25"]
[Round "?"]
[White "Vega, Isaac"]
[Black "Velea, Stephanie"]
[Result "1-0"]
[WhiteElo "1972"]
[BlackElo "1700"]
[PlyCount "49"]
[EventDate "2020.??.??"]
[EventType "blitz"]

1. e4 c5 2. Nc3 Nc6 3. f4 g6 4. Nf3 Bg7 5. Bb5 Nd4 6. O-O a6 7. Bd3 e6 8. e5 d5
9. Nxd4 cxd4 10. Ne2 Qb6 11. b3 Ne7 12. Bb2 Nc6 13. Qe1 O-O 14. Qf2 Bd7 15.
Nxd4 Nxd4 16. Bxd4 Qc6 17. c3 b5 18. g4 a5 19. f5 a4 20. b4 Rac8 21. Bc5 Rfe8
22. fxg6 hxg6 23. Qxf7+ Kh7 24. Rf3 Rf8 25. Rh3# 1-0

[Event "WA Open Blitz Championship"]
[Site "Chess.com"]
[Date "2020.05.25"]
[Round "?"]
[White "Bell, Harry"]
[Black "Pai, Kushal"]
[Result "0-1"]
[WhiteElo "2000"]
[BlackElo "1687"]
[PlyCount "78"]
[EventDate "2020.??.??"]
[EventType "blitz"]

1. Nf3 Nf6 2. d4 g6 3. Bf4 d6 4. Nbd2 Bg7 5. e4 O-O 6. Bd3 Nbd7 7. h3 Re8 8.
Bh2 e5 9. dxe5 dxe5 10. O-O b6 11. Qe2 Bb7 12. Bc4 h6 13. Rad1 Qe7 14. g4 c5
15. Nb1 Nxe4 16. Rfe1 Nd6 17. Bb3 e4 18. Nc3 Ne5 19. Nxe5 Bxe5 20. Bxe5 Qxe5
21. Nd5 Rac8 22. c3 c4 23. Bxc4 Nxc4 24. Nb4 a5 25. Nc2 e3 26. f3 Qg3+ 27. Qg2
Qxf3 28. Qxf3 Bxf3 29. b3 Bxd1 30. Rxd1 e2 31. Re1 Nd2 32. Kf2 Rxc3 33. Nd4 Rd3
34. Nc6 Rf3+ 35. Kg2 Rf1 36. Rxe2 Rxe2+ 37. Kg3 Rf3+ 38. Kh4 g5+ 39. Kh5 Rxh3#
0-1

[Event "WA Open Blitz Championship"]
[Site "Chess.com"]
[Date "2020.05.25"]
[Round "?"]
[White "Pai, Kushal"]
[Black "Breckenridge, Steven"]
[Result "0-1"]
[WhiteElo "1687"]
[BlackElo "2306"]
[PlyCount "54"]
[EventDate "2020.??.??"]
[EventType "blitz"]

1. d4 Nf6 2. Bf4 d6 3. e3 Nbd7 4. Nf3 g6 5. h3 Bg7 6. Bd3 O-O 7. O-O Qe8 8. Bh2
e5 9. dxe5 dxe5 10. e4 Qe7 11. Nbd2 Rd8 12. Qe2 Nh5 13. c3 Nc5 14. Bc2 Ne6 15.
Bxe5 Bxe5 16. Nxe5 Nef4 17. Qc4 Rxd2 18. Nf3 Rxc2 19. Qb3 Re2 20. Rfe1 Be6 21.
Qxb7 Rd8 22. Rxe2 Nxe2+ 23. Kh1 Qc5 24. Nd4 Nxd4 25. cxd4 Qxd4 26. Qxc7 Rc8 27.
Qe7 Qxf2 0-1

[Event "WA Open Blitz Championship"]
[Site "Chess.com"]
[Date "2020.05.25"]
[Round "?"]
[White "Semenov, Fedya"]
[Black "Pai, Kushal"]
[Result "0-1"]
[WhiteElo "1803"]
[BlackElo "1687"]
[PlyCount "69"]
[EventDate "2020.??.??"]
[EventType "blitz"]

1. e4 c5 2. Nf3 d6 3. d4 cxd4 4. Nxd4 Nf6 5. Nc3 a6 6. f3 e5 7. Nb3 Be6 8. Be3
Be7 9. Nd5 Nxd5 10. exd5 Bf5 11. Bd3 Bxd3 12. Qxd3 Nd7 13. O-O O-O 14. f4 Bf6
15. c4 Rc8 16. Nd2 Qc7 17. Rac1 exf4 18. Bd4 Nc5 19. Qc3 Na4 20. Qd3 Nxb2 21.
Bxb2 Bxb2 22. Rc2 Be5 23. Nf3 f6 24. Nxe5 fxe5 25. g3 fxg3 26. Qxg3 Rxf1+ 27.
Kxf1 Qf7+ 28. Kg1 Qg6 29. Qxg6 hxg6 30. a4 b5 31. axb5 axb5 32. Kf2 Rxc4 33.
Rb2 b4 34. Ke3 Rd4 35. h4 0-1

[Event "WA Open Blitz Championship"]
[Site "Chess.com"]
[Date "2020.05.25"]
[Round "?"]
[White "Pai, Kushal"]
[Black "Sairam, Pranav"]
[Result "0-1"]
[WhiteElo "1687"]
[BlackElo "2087"]
[PlyCount "76"]
[EventDate "2020.??.??"]
[EventType "blitz"]

1. d4 d5 2. Bf4 c5 3. e3 Nc6 4. Nf3 Nf6 5. c3 e6 6. h3 Bd6 7. Bxd6 Qxd6 8. Nbd2
O-O 9. Bd3 e5 10. dxe5 Nxe5 11. Nxe5 Qxe5 12. Nf3 Qh5 13. Qc2 c4 14. Be2 Bf5
15. Qd2 Qg6 16. Nh4 Qg5 17. Nxf5 Qxf5 18. O-O Rad8 19. Rad1 Rfe8 20. Bf3 Ne4
21. Bxe4 Qxe4 22. Qd4 Qg6 23. Qxa7 h5 24. Qxb7 Re5 25. Qc7 Rd6 26. Kh2 Rg5 27.
Rg1 Rf6 28. Rdf1 h4 29. a4 Qc2 30. f4 Rg3 31. a5 Qxb2 32. a6 Rxe3 33. a7 Re8
34. Re1 Rfe6 35. Rxe6 fxe6 36. Qd7 Kf8 37. Re1 Qa3 38. Qd6+ Qxd6 0-1

[Event "WA Open Blitz Championship"]
[Site "Chess.com"]
[Date "2020.05.25"]
[Round "?"]
[White "Pai, Kushal"]
[Black "Razmov, Valentin"]
[Result "1-0"]
[WhiteElo "1687"]
[BlackElo "1986"]
[PlyCount "43"]
[EventDate "2020.??.??"]
[EventType "blitz"]

1. e4 e5 2. Nf3 Nc6 3. d4 exd4 4. Bc4 Nf6 5. O-O Be7 6. Nxd4 Nxd4 7. Qxd4 d6 8.
Nc3 O-O 9. Re1 Be6 10. Bxe6 fxe6 11. e5 dxe5 12. Qxe5 Bd6 13. Qxe6+ Kh8 14. Bg5
Re8 15. Qf5 Rf8 16. Re6 Qc8 17. Bxf6 gxf6 18. Ne4 Be5 19. c3 Kg7 20. Ng5 fxg5
21. Re7+ Rf7 22. Rxf7+ 1-0

[Event "WA Open Blitz Championship"]
[Site "Chess.com"]
[Date "2020.05.25"]
[Round "?"]
[White "Vijayakumar, Advaith"]
[Black "Pai, Kushal"]
[Result "1-0"]
[WhiteElo "2026"]
[BlackElo "1687"]
[PlyCount "127"]
[EventDate "2020.??.??"]
[EventType "blitz"]

1. Nf3 Nf6 2. d4 g6 3. c4 Bg7 4. g3 d6 5. Bg2 O-O 6. O-O Nbd7 7. Nc3 Re8 8. e4
e5 9. d5 a5 10. b3 Nh5 11. Ne1 Nhf6 12. Be3 b6 13. Nd3 h6 14. a3 Nh7 15. b4 f5
16. f3 Rf8 17. c5 dxc5 18. bxc5 bxc5 19. Nxc5 Nxc5 20. Bxc5 Re8 21. Qb3 Kh8 22.
Rfd1 Ng5 23. Rac1 fxe4 24. Nxe4 Nxe4 25. fxe4 Bg4 26. Rd2 Rb8 27. Qe3 Qg5 28.
Qxg5 hxg5 29. h3 Bd7 30. g4 Rb3 31. Bf1 Kh7 32. Kg2 Reb8 33. Bc4 Rb2 34. Rcc2
Rxc2 35. Rxc2 Ba4 36. Rd2 Rb1 37. Be7 Kh6 38. Bd8 Rc1 39. Ba2 Rc2 40. Rxc2 Bxc2
41. Bxc7 Bxe4+ 42. Kf2 Bf8 43. d6 Bc6 44. Be6 Kg7 45. d7 Bc5+ 46. Ke2 Bb5+ 47.
Kd2 Be7 48. d8=Q Bxd8 49. Bxd8 Bf1 50. Bxa5 Bxh3 51. Ke3 Kf6 52. Bc8 Ke7 53.
Kf3 Kd6 54. Ba6 e4+ 55. Kg3 Bxg4 56. Kxg4 Ke5 57. Bc3+ Kd5 58. Kxg5 e3 59. Kxg6
Ke4 60. a4 Kf3 61. Bb5 e2 62. Bxe2+ Kxe2 63. a5 Kd3 64. a6 1-0

[Event "WA Open Blitz Championship"]
[Site "Chess.com"]
[Date "2020.05.25"]
[Round "?"]
[White "Gottumukkala, Anath"]
[Black "Pai, Kushal"]
[Result "0-1"]
[WhiteElo "1785"]
[BlackElo "1687"]
[PlyCount "88"]
[EventDate "2020.??.??"]
[EventType "blitz"]

1. Nf3 Nf6 2. g3 d5 3. Bg2 g6 4. O-O Bg7 5. d3 b6 6. Nbd2 Bb7 7. h3 Nbd7 8. e4
dxe4 9. Ng5 O-O 10. Ngxe4 Nxe4 11. Nxe4 Rb8 12. Re1 c5 13. Bf4 e5 14. Bg5 f6
15. Bd2 Qc7 16. a4 Qc6 17. Qf3 f5 18. Ng5 Qxf3 19. Bxf3 Bxf3 20. Nxf3 Rfe8 21.
Re2 e4 22. Rae1 Kf7 23. dxe4 fxe4 24. Ng5+ Kg8 25. c3 h6 26. Nxe4 Ne5 27. Kg2
Rbd8 28. f4 Nc4 29. Nf6+ Bxf6 30. Rxe8+ Rxe8 31. Rxe8+ Kf7 32. Re2 Nxb2 33. f5
gxf5 34. Bxh6 Bxc3 35. Bg5 Nxa4 36. h4 Bf6 37. Bxf6 Kxf6 38. Ra2 b5 39. Kf2 a5
40. Ke3 Nb6 41. Kd3 Nc4 42. Kc3 a4 43. Re2 Nd6 44. Rd2 Ne4+ 0-1

[Event "WA Open Blitz Championship"]
[Site "Chess.com"]
[Date "2020.05.25"]
[Round "?"]
[White "Lenderman, Aleksandr"]
[Black "Pai, Kushal"]
[Result "1-0"]
[WhiteElo "2717"]
[BlackElo "1687"]
[PlyCount "69"]
[EventDate "2020.??.??"]
[EventType "blitz"]

1. Nf3 Nf6 2. c4 g6 3. Nc3 Bg7 4. e4 d6 5. d4 Nbd7 6. Be2 O-O 7. O-O Re8 8. e5
dxe5 9. dxe5 Ng4 10. e6 fxe6 11. Ng5 Ndf6 12. Bxg4 Nxg4 13. Qxg4 e5 14. Qe4 c6
15. Rd1 Qc7 16. Be3 Bf5 17. Qh4 h6 18. Nge4 Kh7 19. f3 Rad8 20. Qf2 h5 21. Bxa7
Rxd1+ 22. Rxd1 Rd8 23. Rxd8 Qxd8 24. Qd2 Qa5 25. Be3 Bxe4 26. Nxe4 Qxa2 27.
Ng5+ Kg8 28. Qc2 e4 29. Qxe4 Qa1+ 30. Kf2 Qxb2+ 31. Kg3 Be5+ 32. f4 h4+ 33. Kh3
Bg7 34. Qe6+ Kh8 35. Qc8+ 1-0

[Event "WA Open Blitz Championship"]
[Site "Chess.com"]
[Date "2020.05.25"]
[Round "?"]
[White "Vemparala, Nikash"]
[Black "Razmov, Valentin"]
[Result "1-0"]
[WhiteElo "1684"]
[BlackElo "1986"]
[PlyCount "79"]
[EventDate "2020.??.??"]
[EventType "blitz"]

1. e4 d5 2. exd5 Qxd5 3. Nc3 Qa5 4. d4 c6 5. Nf3 Nf6 6. Be3 Bf5 7. Be2 e6 8.
O-O Bb4 9. Bd2 Nbd7 10. a3 Bd6 11. b4 Qc7 12. b5 O-O 13. bxc6 bxc6 14. h3 a5
15. a4 Nb6 16. Be3 Nbd5 17. Nxd5 Nxd5 18. c4 Nc3 19. Qe1 Bb4 20. Bd2 Nxe2+ 21.
Qxe2 c5 22. dxc5 Qxc5 23. Be3 Qc7 24. Rac1 Rfd8 25. Rfd1 Ba3 26. Rxd8+ Rxd8 27.
Re1 Bd3 28. Qa2 Bb4 29. Rc1 e5 30. c5 Bf5 31. c6 Be6 32. Qc2 Rd6 33. Nxe5 f6
34. Nf3 Bd5 35. Bf4 Qxc6 36. Bxd6 Qxc2 37. Rxc2 Bxd6 38. Rd2 Bxf3 39. Rxd6 Kf7
40. gxf3 1-0

[Event "WA Open Blitz Championship"]
[Site "Chess.com"]
[Date "2020.05.25"]
[Round "?"]
[White "Sohal, Tanraj"]
[Black "Vemparala, Nikash"]
[Result "1-0"]
[WhiteElo "2326"]
[BlackElo "1684"]
[PlyCount "105"]
[EventDate "2020.??.??"]
[EventType "blitz"]

1. d4 d5 2. c4 c6 3. cxd5 cxd5 4. Nc3 Nc6 5. Bf4 Nf6 6. e3 Bf5 7. Qb3 Qb6 8.
Qxb6 axb6 9. f3 e6 10. g4 Bg6 11. h4 h6 12. Kd2 Kd7 13. Bb5 Bb4 14. Nge2 Ra5
15. Kd1 Rha8 16. a3 Ne8 17. h5 Bh7 18. Kd2 Rxb5 19. axb4 Rxa1 20. Rxa1 Rxb4 21.
Kc1 Nd6 22. Bxd6 Kxd6 23. Ra8 Bd3 24. Nf4 Ba6 25. Rg8 Na5 26. Rxg7 Nc4 27. Nd1
Ra4 28. Rxf7 Ra1+ 29. Kc2 Bb5 30. b3 Na3+ 31. Kb2 Rxd1 32. Kxa3 Bc6 33. Rf6 Bd7
34. Rxh6 Re1 35. Rf6 Rxe3 36. Ng6 Re1 37. h6 Rh1 38. Nf8 b5 39. g5 Rh5 40. h7
Kc6 41. Rh6 Rxh6 42. gxh6 Be8 43. h8=Q Bh5 44. Qe5 Bxf3 45. Qxe6+ Kc7 46. Qf7+
Kb8 47. Qxf3 Ka7 48. Qxd5 Ka6 49. Qxb5+ Kxb5 50. h7 Kc6 51. h8=Q Kd5 52. Qe5+
Kc6 53. Qc5# 1-0